Loading...
| Fine Arts - Classical Music | 8 | 13.75 | 63% | 63% | 13% |
| Fine Arts - Other Fine Arts | 7 | 18.57 | 86% | 71% | 29% |
| Fine Arts - Visual Fine Arts | 4 | 12.50 | 75% | 50% | 0% |
| History - American History | 8 | 21.25 | 75% | 100% | 38% |
| History - European History | 8 | 15.00 | 100% | 38% | 13% |
| History - Other History | 8 | 16.25 | 75% | 63% | 25% |
| History - World History | 9 | 21.11 | 100% | 78% | 33% |
| Literature - American Literature | 4 | 20.00 | 100% | 75% | 25% |
| Literature - British Literature | 7 | 18.57 | 86% | 71% | 29% |
| Literature - European Literature | 9 | 17.78 | 89% | 44% | 44% |
| Literature - World/Other Literature | 6 | 20.00 | 83% | 100% | 17% |
| Mythology | 7 | 17.14 | 100% | 71% | 0% |
| Other Academic | 3 | 23.33 | 100% | 100% | 33% |
| Philosophy | 11 | 18.18 | 91% | 73% | 18% |
| Pop Culture | 3 | 20.00 | 100% | 67% | 33% |
| Religion | 8 | 11.25 | 75% | 38% | 0% |
| Science - Biology | 5 | 12.00 | 80% | 40% | 0% |
| Science - Chemistry | 10 | 17.00 | 80% | 80% | 10% |
| Science - Other Science | 9 | 21.11 | 100% | 67% | 44% |
| Science - Physics | 10 | 19.00 | 90% | 60% | 40% |
| Social Science | 11 | 18.18 | 100% | 64% | 18% |
| World/Other Literature> | 1 | 10.00 | 100% | 0% | 0% |